| 000 | 00953nam a22002777a 4500 | ||
|---|---|---|---|
| 001 | 9693 | ||
| 003 | FISKH | ||
| 005 | 20260129152609.0 | ||
| 008 | 260129b cb ||||| |||| 00| 0 eng d | ||
| 020 | _a9781600443367 | ||
| 040 |
_aFISKH _beng _cFISKH _dFISKH |
||
| 082 | _a567 | ||
| 100 | _aCosson , M. J. | ||
| 245 |
_aTroodon : _bNorth American dinosaurs / _cBy M. J. Cosson |
||
| 260 |
_aFlorida : _bRourke Publishing LLC , _c2007. |
||
| 300 |
_a24 pages : _bcolor illustrations ; _c25 cm . |
||
| 505 | _aO | ||
| 520 | _aHiLo nonfiction Readers motivate striving readers with easy-to-understand text. Support content-area reading, provide engaging texts for independent reading and practice. | ||
| 521 | 8 |
_a600
_bLexile estimate |
|
| 521 | 8 |
_aO
_bRaz-Plus |
|
| 650 |
_aPhotographs _vNon-fiction |
||
| 650 |
_aDinosaurs _vNon-fiction |
||
| 700 |
_aStengard-Olliges , Robert _eEditor |
||
| 942 |
_2ddc _cBK _n0 |
||
| 999 |
_c9693 _d9693 |
||